000 00672cam a2200229 4500500
005 20260405003112.0
041 _afre
042 _adc
100 1 0 _aMorel, François
_eauthor
245 0 0 _a“L’effort qu’on fait pour être heureux n’est jamais perdu”
260 _c2020.
500 _a82
690 _aAlain
690 _aBonheur
690 _aFrançois Morel
690 _aHumour
690 _aPerte
690 _aPrévert
690 _aVialatte
786 0 _nPhilosophie magazine | 141 | 8 | 2020-08-01 | p. 72-72 | 1951-1787
856 4 1 _uhttps://shs.cairn.info/magazine-philosophie-magazine-2020-8-page-72?lang=fr&redirect-ssocas=7080
999 _c2064392
_d2064392